| 000 | 00412nam a22001457a 4500 | ||
|---|---|---|---|
| 008 | 160206b xxu||||| |||| 00| 0 eng d | ||
| 020 | _a978-93-5115-112-8 | ||
| 082 |
_22014 _aDC 659.2 _bP96 |
||
| 245 | _aPublic relations | ||
| 260 |
_aUAE: _b3G Elearning FZ LLC, _cc2014. |
||
| 300 |
_a220 pages; _c23 cm. |
||
| 500 | _aIncludes bibliographical references. | ||
| 650 | 0 |
_92659 _aPublic relations. |
|
| 942 |
_2ddc _cDC |
||
| 999 |
_c1008 _d1008 |
||